000 00504nam a2200181Ia 4500
005 20250326125243.0
008 250326s9999 xx 000 0 und d
037 _aTextbook
040 _aFMSL
_beng
_cFMSL
041 _aeng
_2eng
084 _aX:62 L9
_qFMSL
100 _aWood O G
_9738747
245 0 _aAnalysis of bank ficial statements
_cWood O G; Porter R J
260 _aNY
_bNY, Van Nostrand Reinhold
_c1979
300 _a120p
942 _cTB
_hX:62 L9
999 _c1277214
_d1277214